000 00528nam a2200169Ia 4500
999 _c39001
_d39001
003 GCL
005 20240530103404.0
008 140319s9999 xx 000 0 ara d
040 _aGCL /
_cGCL
082 0 4 _a953.01
_bأ ت
100 1 _aالسيدعبدالعزيز سالم
245 1 0 _aتاريخ العرب فى عصر الجاهلية /
_cالسيدعبدالعزيز سالم
650 0 4 _aالعصر الجاهلى
650 0 4 _aالجاهلية
650 0 4 _aالعالم العربى - تاريخ
942 _2ddc
_cBK